Managing newborn problems : (Record no. 3471)
[ view plain ]
| 000 -LEADER | |
|---|---|
| fixed length control field | 01248cam a2200337 a 4500 |
| 003 - CONTROL NUMBER IDENTIFIER | |
| control field | CaAEU |
| 005 - DATE AND TIME OF LATEST TRANSACTION | |
| control field | 20211117054750.0 |
| 008 - FIXED-LENGTH DATA ELEMENTS--GENERAL INFORMATION | |
| fixed length control field | 040514s2003 sz a i001 0 eng d |
| 020 ## - INTERNATIONAL STANDARD BOOK NUMBER | |
| International Standard Book Number | 9241546220 |
| 040 ## - CATALOGING SOURCE | |
| Transcribing agency | OS2 |
| 049 ## - LOCAL HOLDINGS (OCLC) | |
| Holding library | UABA |
| 050 #4 - LIBRARY OF CONGRESS CALL NUMBER | |
| Classification number | RJ254 |
| Item number | .M36 2003 |
| 090 ## - LOCALLY ASSIGNED LC-TYPE CALL NUMBER (OCLC); LOCAL CALL NUMBER (RLIN) | |
| Classification number (OCLC) (R) ; Classification number, CALL (RLIN) (NR) | RJ 254 M36 2003 |
| Local cutter number (OCLC) ; Book number/undivided call number, CALL (RLIN) | AEU |
| 090 ## - LOCALLY ASSIGNED LC-TYPE CALL NUMBER (OCLC); LOCAL CALL NUMBER (RLIN) | |
| Classification number (OCLC) (R) ; Classification number, CALL (RLIN) (NR) | Internet Access |
| Local cutter number (OCLC) ; Book number/undivided call number, CALL (RLIN) | AEU |
| 245 00 - TITLE STATEMENT | |
| Title | Managing newborn problems : |
| Remainder of title | a guide for doctors, nurses, and midwives / |
| Statement of responsibility, etc. | World Health Organization, Department of Reproductive Health and Research. |
| 260 ## - PUBLICATION, DISTRIBUTION, ETC. | |
| Place of publication, distribution, etc. | Geneva : |
| Name of publisher, distributor, etc. | World Health Organization, Dept. of Reproductive Health and Research, |
| Date of publication, distribution, etc. | c2003. |
| 300 ## - PHYSICAL DESCRIPTION | |
| Extent | 1 v. (various pagings) : |
| Other physical details | ill. ; |
| Dimensions | 21 cm. |
| 336 ## - CONTENT TYPE | |
| Content type term | text |
| Content type code | txt |
| Source | rdacontent |
| 337 ## - MEDIA TYPE | |
| Media type term | unmediated |
| Media type code | n |
| Source | rdamedia |
| 338 ## - CARRIER TYPE | |
| Carrier type term | volume |
| Carrier type code | nc |
| Source | rdacarrier |
| 500 ## - GENERAL NOTE | |
| General note | Editor, Melissa McCormick ; primary contributors, Peter Cooper ... [et al.]. |
| 500 ## - GENERAL NOTE | |
| General note | Includes index. |
| 650 #0 - SUBJECT ADDED ENTRY--TOPICAL TERM | |
| Topical term or geographic name entry element | Newborn infants |
| General subdivision | Diseases. |
| 650 #0 - SUBJECT ADDED ENTRY--TOPICAL TERM | |
| Topical term or geographic name entry element | Newborn infants |
| General subdivision | Medical care. |
| 650 12 - SUBJECT ADDED ENTRY--TOPICAL TERM | |
| Topical term or geographic name entry element | Infant, Newborn, Diseases. |
| 650 12 - SUBJECT ADDED ENTRY--TOPICAL TERM | |
| Topical term or geographic name entry element | Perinatal Care |
| Form subdivision | methods. |
| 650 22 - SUBJECT ADDED ENTRY--TOPICAL TERM | |
| Topical term or geographic name entry element | Infant, Low Birth Weight. |
| 710 2# - ADDED ENTRY--CORPORATE NAME | |
| Corporate name or jurisdiction name as entry element | World Health Organization. |
| Subordinate unit | Reproductive Health and Research. |
| 942 ## - ADDED ENTRY ELEMENTS (KOHA) | |
| Source of classification or shelving scheme | |
| Koha item type | Book |
| Suppress in OPAC | MM |
| 949 ## - LOCAL PROCESSING INFORMATION (OCLC) | |
| i | 0162018860641 |
| Withdrawn status | Lost status | Source of classification or shelving scheme | Damaged status | Not for loan | Permanent Location | Current Location | Shelving location | Date acquired | Source of acquisition | Total Checkouts | Full call number | Barcode | Date last seen | Price effective from | Koha item type | Public note |
|---|---|---|---|---|---|---|---|---|---|---|---|---|---|---|---|---|
| AU LIBRARY | AU LIBRARY | Open Shelf | 17.11.2021 | DONATION FROM MOI UNIVERSITY | RJ254 .M36 2003 | 28004767 | 17.11.2021 | 17.11.2021 | Book | MM |